000 01651nam a2200469 i 4500
001 41513
003 KOSZ 005
005 20210608133356.0
008 020514s2002 pl a f |000 0 pol
015 _aUWD 2002/8258
020 _a8372991537
035 _a991018213029705066
035 _a(PL-WaBN)b14935880-48omnis_nlop
035 _ab14935880
035 _a(OCoLC)749381067
035 _a(PL)b0000001493588
035 _a(EXLNZ-48OMNIS_NETWORK)9910079389305606
040 _aWA N
_cWA N
_dKOSZ 005/HR
080 _a347.2(438)
080 _a332.74(438)
245 0 0 _aOkreślanie wartości rynkowej nieruchomości /
_cpod red. nauk. Sabiny Źróbek ; [oprac. Radosław Cellmer et al.].
250 _aWyd. 2 rozsz. i uzup.
260 _aOlsztyn :
_bWydaw. Uniwersytetu Warmińsko-Mazurskiego,
_c2002.
300 _a162 s. :
_bil. ;
_c24 cm.
336 _aTekst
_btxt
_2rdacontent
337 _aBez urządzenia pośredniczącego
_bn
_2rdamedia
338 _aWolumin
_bnc
_2rdacarrier
380 _aKsiążki
388 _a2001-
504 _aBibliogr.
650 7 _aGospodarowanie nieruchomościami
_2DBN
650 7 _aWycena nieruchomości
_2DBN
650 7 _aPrawo
651 7 _aPolska
658 _aGospodarka, ekonomia, finanse
700 1 _aCellmer, Radosław
_eOpracowanie
700 1 _aŹróbek, Sabina
_d(1952- )
_eRedakcja
710 2 _aWydawnictwo Uniwersytetu Warmińsko-Mazurskiego (Olsztyn)
_4pbl
856 _uhttp://koha.tu.koszalin.pl/cgi-bin/koha/opac-detail.pl?biblionumber=41513
_yKatalog online BPK
942 _2UKD
_cKS
999 _c41513
_d41513